000 00352nam a2200121Ia 4500
008 191201s2016 xx 000 0 und d
100 _aHELFAND, Lewis
245 0 _aThey Changed the World: Crick & Watson - The Discovery of DNA
260 _bKALYANI NAVYOG MEDIA PVT LTD
_c2016
_aNew Delhi
300 _a88
650 _aGeneral Books
942 _2ddc
_cBK
999 _c6787
_d6787